Progresívne formy odmeňovania obchodno-prevádzkových pracovníkov záverečná práca postgraduálneho štúdia
Na minha lista:
| Autor principal: | |
|---|---|
| Autor Corporativo: | |
| Outros Autores: | |
| Formato: | Livro |
| Idioma: | eslovaco |
| Publicado em: |
Bratislava
1988
|
| Tags: |
Sem tags, seja o primeiro a adicionar uma tag!
|
MARC
| LEADER | 00000nam a2200000 4500 | ||
|---|---|---|---|
| 001 | c036279 | ||
| 005 | 20230116121647.9 | ||
| 041 | 0 | |a slo | |
| 044 | |a SK | ||
| 245 | 1 | 0 | |a Progresívne formy odmeňovania obchodno-prevádzkových pracovníkov |b záverečná práca postgraduálneho štúdia |c František Hric ; Ved. práce Viktor Vávra |
| 264 | 1 | |a Bratislava |c 1988 | |
| 300 | |a 69 s. | ||
| 100 | 1 | |a Hric, František | |
| 700 | 1 | |a Vávra, Viktor | |
| 710 | 2 | |a Vysoká škola ekonomická v Bratislave | |